|
|
|
|
| LEADER |
00000nam#a22000001a#4500 |
| 001 |
00002262 |
| 003 |
AR-BaUAD |
| 005 |
20230908140402.0 |
| 008 |
931112s1947####xxuae||##||||||||#||eng|d |
| 040 |
|
|
|a AR-BaUAD
|b spa
|c AR-BaUAD
|
| 041 |
|
|
|a eng
|
| 044 |
|
|
|c us
|2 ISO3166-1
|
| 100 |
1 |
|
|a Johnson, Philip
|
| 245 |
1 |
0 |
|a Mies van der Rohe
|
| 260 |
|
|
|a New York :
|b The Museum of Modern Art,
|c c1947
|
| 300 |
|
|
|a 207 p., láms. :
|b il., planos
|
| 504 |
|
|
|a Bibliografía: p. 201-04
|
| 653 |
|
|
|a ARQUITECTOS
|
| 653 |
|
|
|a ARQUITECTURA MODERNA
|
| 653 |
|
|
|a MIES VAN DER ROHE, LUDWIG
|
| 655 |
|
|
|a TEXTO
|
| 852 |
|
|
|c 54-1
|
| 952 |
|
|
|0 0
|1 0
|4 0
|6 541
|7 0
|9 8350
|a AR-BaUAD
|b AR-BaUAD
|d 0000-00-00
|e compra Concentra
|i 2262
|l 0
|o 54-1
|p nlt592262
|r 2023-09-08 14:04:02
|w 2023-09-08
|y BK
|
| 952 |
|
|
|0 0
|1 0
|4 0
|7 0
|9 8351
|a AR-BaUAD
|b AR-BaUAD
|d 0000-00-00
|e donac. R. Elías
|g 15.00
|i 28322
|l 0
|p 15mbk28322
|r 2023-09-08 14:04:02
|w 2023-09-08
|y BK
|
| 990 |
|
|
|a Ej. No1 : 2262 . 16/7/1948 -- compra Concentra -- (37,50 pesos).
|b ADM
|
| 990 |
|
|
|a Ej. No2 : 28322 . 22/02/2001 -- donac. R. Elías -- (15 pesos).
|b ADM
|
| 990 |
|
|
|a 5266
|b OS
|
| 990 |
|
|
|a 6870
|b OS
|
| 990 |
|
|
|a AQ194
|b TD
|
| 990 |
|
|
|a AAQ00002262
|b CC
|
| 998 |
|
|
|a AAQ
|b Bibun 76
|
| 942 |
|
|
|c BK
|
| 999 |
|
|
|c 3720
|d 3720
|